[Event "Belgrade-chT2 Quality"]
[Site "Belgrade"]
[Date "2022.10.30"]
[Round "7.7"]
[White "Petrovic, Vladan Z"]
[Black "Bacvanin, Sava"]
[Result "1-0"]
[WhiteElo "1798"]
[BlackElo "1940"]
[PlyCount "35"]
[EventDate "2022.10.15"]
[EventType "team-tourn"]
[EventRounds "13"]
[EventCountry "SRB"]
[SourceTitle "EXT 2024"]
[Source "ChessBase"]
[SourceDate "2023.10.10"]
[SourceVersion "1"]
[SourceVersionDate "2023.10.10"]
[SourceQuality "1"]
[WhiteTeam "Lazarevac Kolubara"]
[BlackTeam "Batajnica"]
[WhiteTeamCountry "SRB"]
[BlackTeamCountry "SRB"]

1. e3 c5 2. f4 e6 3. Nf3 b6 4. d4 Bb7 5. Be2 Nf6 6. 0-0 h6 7. c3 d6 8. dxc5 bxc5 9. Nbd2 Be7 10. Nc4 0-0 11. Qc2 Qc7 12. Ne1 Nbd7 13. Bf3 d5 14. Nd2 Ba6 15. Rf2 Rab8 16. b3 c4 17. b4 Bb7 18. Nf1 1-0

[Event "Belgrade-chT Quality"]
[Site "Belgrade"]
[Date "2020.10.23"]
[Round "4.5"]
[White "Bacvanin, Sava"]
[Black "Martinovic, Veljko"]
[Result "0-1"]
[WhiteElo "2012"]
[BlackElo "2112"]
[PlyCount "92"]
[EventDate "2020.10.09"]
[EventType "team-tourn"]
[EventRounds "9"]
[EventCountry "SRB"]
[SourceTitle "EXT 2022"]
[Source "ChessBase"]
[SourceDate "2021.10.06"]
[SourceVersion "1"]
[SourceVersionDate "2021.10.06"]
[SourceQuality "1"]
[WhiteTeam "Belgrade Batajnica"]
[BlackTeam "Belgrade Tehnicka Skola"]
[WhiteTeamCountry "SRB"]
[BlackTeamCountry "SRB"]

1. e4 e5 2. Nc3 Nf6 3. Bc4 Bc5 4. d3 c6 5. Bg5 h6 6. Bxf6 Qxf6 7. Qf3 Qe7 8. Nge2 d6 9. Ng3 g6 10. Nge2 a5 11. a4 Nd7 12. Qg3 Nf6 13. 0-0-0 h5 14. d4 h4 15. Qe3 Ng4 16. Qf3 exd4 17. Nxd4 Ne5 18. Qe2 h3 19. g3 Bxd4 20. Rxd4 Bg4 21. Qf1 Nf3 22. Rd1 Qg5+ 23. Kb1 Nd2+ 24. Rxd2 Qxd2 25. f3 Bd7 26. Be2 0-0-0 27. Qf2 Qg5 28. Rd1 Qc5 29. Qf1 f5 30. Rd2 Be6 31. Qd1 d5 32. exf5 gxf5 33. Bf1 d4 34. Na2 Qd5 35. Nc1 c5 36. Nb3 Qd6 37. c4 Bd7 38. Bd3 Rde8 39. Kc2 Re3 40. Rf2 Bc6 41. Be2 b6 42. Kd2 Rhe8 43. Qf1 Qh6 44. Kc2 Qh7 45. Kd2 Qe7 46. Qd1 Bxf3 0-1

[Event "Belgrade-chT Quality"]
[Site "Belgrade"]
[Date "2008.11.10"]
[Round "9"]
[White "Jugovic, Dragan"]
[Black "Bacvanin, Sava"]
[Result "1-0"]
[WhiteElo "2057"]
[BlackElo "2136"]
[PlyCount "89"]
[EventDate "2008.11.01"]
[EventType "team-swiss"]
[EventRounds "11"]
[EventCountry "YUG"]
[SourceTitle "CBM 127 Extra"]
[Source "ChessBase"]
[SourceDate "2009.01.08"]
[SourceVersion "2"]
[SourceVersionDate "2009.01.28"]
[SourceQuality "1"]

1. e4 d6 2. d4 Nf6 3. f3 g6 4. Be3 Bg7 5. c4 c6 6. Nc3 Nbd7 7. Qd2 h6 8. Bd3 e5 9. d5 c5 10. Nge2 Nh5 11. 0-0-0 a6 12. g4 Nhf6 13. g5 hxg5 14. Bxg5 Qa5 15. Kb1 Nh5 16. Ng3 Rb8 17. Rhf1 Nf4 18. Rh1 b5 19. h4 Nxd3 20. Qxd3 bxc4 21. Qxc4 Rb4 22. Qe2 Rb8 23. Ka1 Qb6 24. Rb1 a5 25. h5 Ba6 26. Qd2 Qb4 27. hxg6 fxg6 28. Rxh8+ Bxh8 29. Qh2 Bf6 30. Qh6 Bd3 31. Bxf6 Nxf6 32. Qxg6+ Kd7 33. Nf5 Kc7 34. Qxf6 Bxb1 35. Qxd6+ Kb7 36. Ne7 Qb6 37. Qxb6+ Kxb6 38. Kxb1 c4 39. Nc6 Rh8 40. Nxe5 Rh1+ 41. Kc2 Rh2+ 42. Kc1 Kc5 43. f4 Rf2 44. f5 Kd4 45. d6 1-0

[Event "Belgrade-chT Quality"]
[Site "Belgrade"]
[Date "2008.11.09"]
[Round "8"]
[White "Bacvanin, Sava"]
[Black "Matic, Petar"]
[Result "1/2-1/2"]
[WhiteElo "2136"]
[BlackElo "2241"]
[PlyCount "22"]
[EventDate "2008.11.01"]
[EventType "team-swiss"]
[EventRounds "11"]
[EventCountry "YUG"]
[SourceTitle "CBM 127 Extra"]
[Source "ChessBase"]
[SourceDate "2009.01.08"]
[SourceVersion "2"]
[SourceVersionDate "2009.01.28"]
[SourceQuality "1"]

1. e4 e6 2. d4 d5 3. exd5 exd5 4. Bd3 Bd6 5. Ne2 Nf6 6. Bf4 0-0 7. 0-0 Nc6 8. c3 Ne7 9. Qc2 Ng6 10. Ng3 Ng4 11. Nd2 f5 1/2-1/2

[Event "Belgrade Spring op"]
[Site "Belgrade"]
[Date "2003.03.30"]
[Round "6"]
[White "Bacvanin, Sava"]
[Black "Djurdjevic, Petar S"]
[Result "1/2-1/2"]
[WhiteElo "2167"]
[BlackElo "2075"]
[PlyCount "114"]
[EventDate "2003.03.25"]
[EventType "swiss"]
[EventRounds "9"]
[EventCountry "YUG"]
[SourceTitle "CBM 093 Extra"]
[Source "ChessBase"]
[SourceDate "2003.05.09"]
[SourceVersion "1"]
[SourceVersionDate "2003.05.09"]
[SourceQuality "1"]

1. e4 e5 2. Nf3 Nc6 3. Nc3 Bc5 4. Nxe5 Nxe5 5. d4 Bd6 6. dxe5 Bxe5 7. f4 Bxc3+ 8. bxc3 Qe7 9. Bd3 Qc5 10. Bd2 d6 11. Qf3 Nf6 12. Qf2 Qxf2+ 13. Kxf2 0-0 14. h3 Re8 15. Rhe1 b6 16. e5 dxe5 17. Rxe5 Rxe5 18. fxe5 Nd7 19. Re1 Nc5 20. Be3 Nd7 21. Be4 Rb8 22. Rd1 Kf8 23. Bg5 h6 24. Bd8 Nc5 25. Bxc7 Nxe4+ 26. Ke3 Ra8 27. Kxe4 Bb7+ 28. Kf4 Bxg2 29. h4 Bh3 30. Rd8+ Rxd8 31. Bxd8 Ke8 32. Bc7 Kd7 33. Bd6 g6 34. Bf8 h5 35. Bg7 Bf5 36. Ke3 Bxc2 37. Bf6 Ke6 38. Kd4 Bb1 39. a3 Ba2 40. Bd8 Kd7 41. Bg5 Kc6 42. Be7 Kb5 43. Bd6 Kc6 44. Be7 Bb3 45. Bd6 a6 46. c4 Ba2 47. Kc3 Bb1 48. Kd4 Bf5 49. Kc3 Be6 50. Kd4 Bh3 51. Kd3 b5 52. cxb5+ axb5 53. Be7 Kd7 54. Bf6 Bg2 55. Ke3 Ke6 56. Kf4 Bd5 57. Bd8 Bb3 1/2-1/2